(Sittin’ On) The Dock of the Bay - Lyrics Quiz - Statistics

General Stats
  • This quiz has been taken 140 times
  • The average score is 14 of 20
Answer Stats
Lyrics % Correct
I'm sittin' on the {dock} {of} {the} {bay}
98%
Oh, I'm just sittin' on the {dock} {of} {the} {bay}
98%
Sittin' in the {morning} {sun}
91%
I left my home {in} {Georgia}
84%
Watching {the} {tide} roll away
83%
I'll be sittin' when the {evening} {come}
80%
Watching {the} {ships} roll in
75%
{Wasting} {time}
74%
Headed for the {'Frisco} {bay}
72%
And look like nothin's gonna {come} {my} {way}
71%
And then I watch 'em {roll} {away} again, yeah
71%
'Cause I've had nothing {to} {live} {for}
71%
So I guess I'll remain {the} {same}, yes
63%
Look like nothing's {gonna} {change}
60%
And this {loneliness} won't leave me alone
57%
Everything still {remains} {the} {same}
56%
Sittin' here {resting} {my} {bones}
56%
Just to make this {dock} {my} {home}
55%
I can't do what {ten} {people} tell me to do
49%
It's {two} {thousand} {miles} I roamed
46%
No matching quizzes found
Score Distribution
Percent of People with Each Score
Percentile by Number Answered
Your Score History
You have not taken this quiz